Estatuts i reglament / Federació Catalana de Societats de Teatre Amateur
Descripción Física:
11 p. ; 15 cm
MARC
| LEADER | 00000nam a2200000Ia 4500 | ||
|---|---|---|---|
| 001 | 16542 | ||
| 008 | 160829s1932 xx 000 0 cat d | ||
| 080 | |a RF-14-69 | ||
| 110 | 2 | |a Federació Catalana de Societats de Teatre Amateur |9 56297 | |
| 245 | |a Estatuts i reglament / Federació Catalana de Societats de Teatre Amateur | ||
| 260 | |a [Barcelona] : |b (Imp. Peris), |c 1932 | ||
| 300 | |a 11 p. ; |c 15 cm | ||
| 590 | |a Prové de Q-279, exp. 30 | ||
| 610 | 2 | 0 | |a Federació Catalana de Societats de Teatre Amateur |9 56297 |
| 610 | 2 | 0 | |a Federació Catalana de Societats de Teatre Amateur |v Estatuts |9 56298 |
| 856 | 4 | |u https://media.diba.cat/diba/fitxers/arxiu/fulletons/bib_16542_1932_baixa.pdf |y Accés lliure | |
| 856 | 4 | |u https://media.diba.cat/diba/fitxers/arxiu/fulletons/bib_16542_1932_baixa.pdf |y Accés lliure | |
| 900 | |a bib_16542_1932_baixa.pdf | ||
| 901 | |a Arxiu | ||
| 942 | |n 1 |2 udc | ||
| 952 | |0 0 |1 0 |4 0 |6 RF1469 |7 1 |9 53585 |a Arxiu |b Arxiu |d 2016-12-01 |l 0 |o RF-14-69 |p 16542 |r 2016-12-01 00:00:00 |w 2016-12-01 |y ARXIU | ||
| 999 | |c 57451 |d 57451 | ||